Письма Гамильтон-Руссель Виллиам Шиллингу М. Ф. /Анг./

Доступно только в Электронных читальных залах Найти на картеНа карте
RUSMARC
00004674nmc2a22003133x 450
00191ab7c0a-1617-40f9-ab61-a76e3e47ddbd
00520211213224658.0
100##$a20211120l19111915k y0rusy50 ca
1010#$afre
$aeng
102##$aRU
105##$ay z |||e|
1222#$ad19111231
$ad19151231
2001#$aПисьма Гамильтон-Руссель Виллиам Шиллингу М. Ф. /Анг./
$j1911-1915
215##$a60 листов
$cфот.
251##$cДело
300##$aЗаголовок дела на папке: Письма Гамильтон-Руссель Виллиам Шиллингу М. Ф.
300##$aТекст на английском и французском языках
300##$aЛисты: 1, 9, 15, 18, 21, 24, 30, 33, 36, 39, 42, 48, 56, 52, 57, 60 - конверты с марками; 4, 5 - групповые фотографии (мужчина и женщина на природе); 6, 12, 45, 54 - конверт с марками и сургучом; 27 - визитная карточка
300##$aВ деле имеются документы без дат
300##$aРукописный текст
330##$aВходит в раздел описи: 3. Документы о научной и литературной деятельности барона Шиллинга М. Ф.. Письма разных лиц Шиллингу М. Ф.
461#0$1001ff9fc58f-089b-437b-980d-902343bc59d8
$12001
$aШиллинг Маврикий Фабианович, барон, секретарь русского посольства в Вене
$1251
$cФонд
$1852
$j813
462#0$1001665c067c-d934-4316-b9df-5bf0ad49190b
$12001
$aДела постоянного хранения. 1817-1917
$vД. 208
$1251
$cОпись
$1852
$j1
5171#$aПисьма Гамильтон-Руссель Виллиам Шиллингу М. Ф.
600#1$aШиллинг
$bМ. Ф.
$cбарон
$gМаврикий Фабианович
600#1$aГамильтон-Руссель
$bВ.
$gВиллиам
801#0$aRU
$bGA_RF
801#1$aRU
$bГлавНИВЦ
$c20211120
$2rusmarc
801#2$aRU
$bПБ им. Б.Н. Ельцина
$c20211213
$gRCR
$2rusmarc
852##$aГА РФ
$j208
937##$d171555536
$hГАРФ
035##$aRuPRLIB51061042
856##$uhttp://readingroom.main.prlib.ru/item.aspx?id_node=n171555536&mode=full
Формат отображения